Gender and diversity in management (Record no. 934)

MARC details
000 -LEADER
fixed length control field 00556 a2200181 4500
001 - CONTROL NUMBER
control field 066943
003 - CONTROL NUMBER IDENTIFIER
control field OSt
005 - DATE AND TIME OF LATEST TRANSACTION
control field 20211022114330.0
008 - FIXED-LENGTH DATA ELEMENTS--GENERAL INFORMATION
fixed length control field
082 ## - DEWEY DECIMAL CLASSIFICATION NUMBER
Classification number 658.3008
Item number G22G
100 1# - MAIN ENTRY--PERSONAL NAME
Personal name Gatrell, Caroline
245 1# - TITLE STATEMENT
Title Gender and diversity in management
Statement of responsibility, etc by Caroline Gatrell and Elaine Swan
260 ## - PUBLICATION, DISTRIBUTION, ETC. (IMPRINT)
Place of publication, distribution, etc London
Name of publisher, distributor, etc Sage Publications
Date of publication, distribution, etc 2009
300 ## - PHYSICAL DESCRIPTION
Extent 107p.
690 ## - LOCAL SUBJECT ADDED ENTRY--TOPICAL TERM (OCLC, RLIN)
Topical term or geographic name as entry element Minority executives; Women executives; Discrimination in employment; Diversity in the workplace
700 ## - ADDED ENTRY--PERSONAL NAME
Personal name Swan, Elaine
942 ## - ADDED ENTRY ELEMENTS (KOHA)
Source of classification or shelving scheme Dewey Decimal Classification
Koha item type Books
Holdings
Withdrawn status Lost status Source of classification or shelving scheme Damaged status Not for loan Collection code Home library Current library Date acquired Source of acquisition Cost, normal purchase price Full call number Barcode Date last seen Price effective from Koha item type
    Dewey Decimal Classification     General Text Book Central University Of Rajasthan Central University Of Rajasthan 07/03/2012 MGM 1081.00 658.3008 G22G 1229 21/11/2024 02/09/2020 Books